000 00419nam a2200157Ia 4500
005 20260415160312.0
008 008 250505s9999 xx 000 0 eng d
037 _aTextual
040 _aFEDL
_beng
_cFEDL
041 _aeng
_2eng
084 _a709.52 YEA
_qFEDL
245 0 _aYear book of Japanese art 1928
300 _a171p.
942 _cTEXL
_h709.52 YEA
999 _c1321443
_d1321443